[Event "Sparkassen GM"]
[Site "Dortmund GER"]
[Date "2009.07.03"]
[Round "2"]
[White "Jakovenko, D."]
[Black "Naiditsch, A."]
[Result "1-0"]
[WhiteElo "2760"]
[BlackElo "2697"]
[PlyCount "123"]
[EventDate "2009.07.02"]

1. e4 c5 2. Nf3 d6 3. d4 cxd4 4. Nxd4 Nf6 5. Nc3 a6 6. Be3 e5 7. Nb3 Be6 8. Qd2
Nbd7 9. f4 exf4 10. Bxf4 Ne5 11. O-O-O Be7 12. Nd4 O-O 13. Nf5 Bxf5 14. exf5 b5
15. Kb1 b4 16. Nd5 Nxd5 17. Qxd5 Qc7 18. g4 Rfc8 19. Bd3 Nxd3 20. Qxd3 Qc4 21.
Rhf1 h6 22. h3 d5 23. Be5 Rc6 24. b3 Qxd3 25. Rxd3 Rac8 26. Rf2 Bh4 27. Rg2 f6
28. Bb2 Rc5 29. Re2 Bg5 30. a3 bxa3 31. Bxa3 Rc3 32. Bb2 Rxd3 33. cxd3 Kf7 34.
Re6 a5 35. Rd6 Re8 36. Rd7+ Kg8 37. Bc3 Re3 38. Rxd5 Rxh3 39. Bxa5 Rh4 40. b4
Rxg4 41. b5 Be3 42. Kc2 Rg2+ 43. Kb3 Rg1 44. Ka2 Rg2+ 45. Ka3 Bc1+ 46. Kb3 h5
47. b6 h4 48. Bc3 h3 49. b7 Bf4 50. Be5 h2 51. b8=Q+ Kh7 52. Bxf4 h1=Q 53. Rd8
Qd1+ 54. Kc4 Rc2+ 55. Kd4 Qa1+ 56. Kd5 Qa5+ 57. Ke4 Qe1+ 58. Be3 Qh1+ 59. Kd4
Qa1+ 60. Kd5 Qa5+ 61. Ke4 Qa4+ 62. d4 1-0

[Event "Sparkassen GM"]
[Site "Dortmund GER"]
[Date "2009.07.11"]
[Round "9"]
[White "Jakovenko, D."]
[Black "Kramnik, V."]
[Result "1/2-1/2"]
[WhiteElo "2760"]
[BlackElo "2759"]
[PlyCount "112"]
[EventDate "2009.07.02"]

1. e4 e5 2. Nf3 Nf6 3. Nxe5 d6 4. Nf3 Nxe4 5. d4 d5 6. Bd3 Bd6 7. O-O O-O 8. c4
c6 9. Qc2 Na6 10. a3 Bg4 11. Ne5 Bxe5 12. dxe5 Nac5 13. f3 Nxd3 14. Qxd3 Nc5
15. Qd4 Nb3 16. Qxg4 Nxa1 17. Bh6 g6 18. Nc3 Qb6+ 19. Kh1 Qxb2 20. Qf4 f6 21.
Na4 Qc2 22. Rxa1 Qxa4 23. e6 Qa5 24. Qd6 Rfc8 25. Qe7 Qc7 26. Qxf6 Re8 27. Re1
Qe7 28. Qe5 dxc4 29. Bg5 Qf8 30. Bf6 b5 31. f4 a5 32. f5 Ra7 33. Re3 b4 34.
fxg6 hxg6 35. Qg5 Rg7 36. h3 c3 37. Bxg7 Qxg7 38. Qc5 Qf8 39. e7 Qf1+ 40. Kh2
Qf4+ 41. Kh1 Qf1+ 42. Kh2 Qb5 43. axb4 Qxc5 44. bxc5 c2 45. Rc3 Rxe7 46. Rxc2
a4 47. Kg3 Kf7 48. Kf4 Kf6 49. Ra2 g5+ 50. Kf3 Ra7 51. Ke4 a3 52. Kd4 Kf5 53.
Rf2+ Kg6 54. Ra2 Kf5 55. Rf2+ Kg6 56. Ra2 Kf5 1/2-1/2

[Event "GM"]
[Site "Biel SUI"]
[Date "2009.07.27"]
[Round "7"]
[White "Vachier Lagrave, M."]
[Black "Caruana, F."]
[Result "1-0"]
[WhiteElo "2703"]
[BlackElo "2670"]
[PlyCount "75"]
[EventDate "2009.07.19"]

1. e4 e5 2. Nf3 Nc6 3. Bb5 Nf6 4. O-O Nxe4 5. d4 Nd6 6. Bxc6 dxc6 7. dxe5 Nf5
8. Qxd8+ Kxd8 9. Nc3 Ke8 10. h3 h5 11. Bf4 Be7 12. Rad1 Nh4 13. Nd4 Nf5 14.
Nce2 g5 15. Bh2 a6 16. e6 Nd6 17. Rfe1 Rh6 18. exf7+ Kxf7 19. Nf3 g4 20. Ne5+
Kg7 21. Bf4 Rh7 22. hxg4 hxg4 23. Ng3 Bf6 24. Nd3 Nf5 25. Ne4 Be7 26. Bxc7 Be6
27. Nf4 Bf7 28. Rd7 Re8 29. Ng5 Rh6 30. Be5+ Kg8 31. Nxf7 Kxf7 32. Bc3 g3 33.
Re5 gxf2+ 34. Kxf2 Nd6 35. Bb4 Nc8 36. Rxb7 Rh4 37. Bxe7 Rxf4+ 38. Ke3 1-0

[Event "World Open"]
[Site "Philadelphia USA"]
[Date "2009.07.03"]
[Round "5"]
[White "Najer, E."]
[Black "De Firmian, N."]
[Result "1-0"]
[WhiteElo "2669"]
[BlackElo "2552"]
[PlyCount "61"]
[EventDate "2009.06.29"]

1. e4 c5 2. Nf3 d6 3. d4 cxd4 4. Nxd4 Nf6 5. Nc3 a6 6. Bg5 e6 7. f4 Be7 8. Qf3
Qc7 9. O-O-O Nbd7 10. g4 b5 11. Bxf6 Nxf6 12. g5 Nd7 13. f5 Nc5 14. f6 gxf6 15.
gxf6 Bf8 16. Rg1 h5 17. Bh3 Bb7 18. Kb1 b4 19. Nd5 Qa5 (19... exd5 20. exd5 Nd7
21. Bxd7+ Kxd7 22. Qf5+ Kd8 23. Ne6+ fxe6 24. dxe6 Bc8 25. Rg7 Bxg7 26. e7+ Ke8
27. Qg6+ Kd7 28. Qf7 Kc6 29. fxg7 Bf5 30. gxh8=Q Rxh8 31. e8=Q+ Rxe8 32. Qxe8+
Kb7 33. Qe2 Qc5 34. Rf1 {Fernandez Romero,E (2462)-Hernandez Leon,A (2200)/Los
Llanos de Aridane ESP 2008/1-0 (41)}) 20. Rg7 Nxe4 21. Bxe6 Bxd5 22. Bxf7+ Kd8
23. Nb3 Nd2+ 24. Rxd2 Bxf3 25. Nxa5 Rh6 26. Rg6 Kc7 27. Rf2 Bg4 28. Rg5 Rc8 29.
Nc4 Kd8 30. b3 Rc7 31. Bd5 1-0

[Event "37th Greek Teams"]
[Site "Kallithea GRE"]
[Date "2009.07.09"]
[Round "9"]
[White "Ivanisevic, I."]
[Black "Postny, E."]
[Result "1-0"]
[WhiteElo "2629"]
[BlackElo "2647"]
[PlyCount "61"]
[EventDate "2009.07.03"]

1. d4 d5 2. c4 c6 3. Nc3 Nf6 4. Nf3 dxc4 5. a4 e6 6. e4 Bb4 7. Bg5 c5 8. Bxc4
cxd4 9. Nxd4 h6 10. Be3 O-O 11. O-O Bxc3 12. bxc3 Qc7 13. Qe2 a6 14. e5 Qxe5
15. f4 Qc7 16. Rf3 Nbd7 17. Raf1 Nb6 18. Bb3 Bd7 19. f5 e5 20. Rg3 Kh7 21.
Rxg7+ Kxg7 22. Bxh6+ Kh8 23. Rf3 Nh7 24. f6 exd4 25. Bc2 Rg8 26. Qe7 Qc4 27.
Bg7+ Rxg7 28. fxg7+ Kxg7 29. Rg3+ Kh8 30. Qe5+ f6 31. Qe7 1-0

[Event "XXXII Open"]
[Site "Barbera ESP"]
[Date "2009.07.08"]
[Round "5"]
[White "Bacallao, Y."]
[Black "Sundararajan, K."]
[Result "1-0"]
[WhiteElo "2467"]
[BlackElo "2506"]
[PlyCount "75"]
[EventDate "2009.07.04"]

1. e4 c6 2. d4 d5 3. Nd2 dxe4 4. Nxe4 Nd7 5. Ng5 Ngf6 6. Bd3 e6 7. N1f3 Bd6 8.
Qe2 h6 9. Ne4 Nxe4 10. Qxe4 Qc7 11. Bd2 b6 12. Qg4 Kf8 13. O-O-O Bb7 14. Rhe1
Re8 15. h4 Nf6 16. Qh3 c5 17. dxc5 bxc5 18. Bc3 c4 19. Bf1 Ne4 20. Rxe4 Bxe4
21. Rxd6 Qxd6 22. Qg4 Bxf3 23. Qxg7+ Ke7 24. Qf6+ Kd7 25. Qxf3 Qd5 26. Qxf7+
Re7 27. Qf4 e5 28. Qg4+ Qe6 29. Qe4 Qc6 30. Qg4+ Qe6 31. Qe4 Qc6 32. Qe3 Qb6
33. Qd2+ Kc8 34. Bxc4 Rf8 35. Ba5 Rxf2 36. Qd5 Qe3+ 37. Kb1 Ref7 38. Ba6+ 1-0

[Event "Lake Sevan GM"]
[Site "Martuni ARM"]
[Date "2009.07.17"]
[Round "8"]
[White "Berkes, F."]
[Black "Lysyj, I."]
[Result "1-0"]
[WhiteElo "2647"]
[BlackElo "2617"]
[PlyCount "55"]
[EventDate "2009.07.10"]

1. d4 e6 2. c4 Nf6 3. Nc3 Bb4 4. f3 O-O 5. a3 Bxc3+ 6. bxc3 Ne8 7. e4 b6 8. Bd3
Ba6 9. Nh3 Nc6 10. e5 Na5 11. Ng5 f5 12. f4 h6 13. Qh5 hxg5 14. fxg5 g6 15.
Qxg6+ Ng7 16. Qh6 Qe7 17. g6 Ne8 18. O-O Qg7 19. Qg5 Nb3 20. Rf3 Nxa1 21. Rh3
Nf6 22. Rh6 Bb7 23. Bf4 d6 24. h4 Bc6 25. exf6 Qxf6 26. Qg3 Be8 27. h5 Nb3 28.
Rh7 1-0

[Event "MTO"]
[Site "Biel SUI"]
[Date "2009.07.25"]
[Round "6"]
[White "Grachev, B."]
[Black "Popov, Val"]
[Result "1-0"]
[WhiteElo "2669"]
[BlackElo "2563"]
[PlyCount "109"]
[EventDate "2009.07.20"]

1. d4 d5 2. Nf3 Nf6 3. c4 e6 4. e3 a6 5. Nc3 dxc4 6. a4 c5 7. Bxc4 Nc6 8. O-O
Be7 9. dxc5 Qc7 10. Bd3 Bxc5 11. Ne4 Nxe4 12. Bxe4 Bd7 13. Bd2 f5 14. Bd3 O-O
15. Rc1 Qb6 16. e4 f4 17. e5 Be7 18. a5 Qd8 19. Qb3 Rb8 20. Bc4 Qc8 21. Rfd1
Kh8 22. Bc3 h6 23. Rd2 Bd8 24. Rcd1 Rf7 25. Qc2 Bxa5 26. Qg6 Bxc3 27. Ng5 hxg5
28. Rxd7 Qxd7 29. Rxd7 Rxd7 30. Qh5+ Kg8 31. Bxe6+ Kf8 32. Bxd7 Bxe5 33. Qxg5
Rd8 34. Qf5+ Bf6 35. h3 Ne7 36. Qg4 g5 37. h4 gxh4 38. Qxf4 Kg7 39. Qg4+ Kh6
40. Qf4+ Kg7 41. Qe4 b6 42. b3 a5 43. Kf1 Ng6 44. Qb7 Ne7 45. Qc7 Nd5 46. Qc6
Ne7 47. Qb7 Bd4 48. Qe4 Bf6 49. Qc4 Kh6 50. Qf7 Rxd7 51. Qxf6+ Ng6 52. f4 Kh7
53. f5 Nh8 54. Qxh4+ Kg8 55. Qg5+ 1-0

[Event "Najdorf Mem GMA"]
[Site "Warsaw POL"]
[Date "2009.07.22"]
[Round "5"]
[White "Nyback, T."]
[Black "Olszewski, Mi"]
[Result "0-1"]
[WhiteElo "2627"]
[BlackElo "2559"]
[PlyCount "72"]
[EventDate "2009.07.18"]

1. d4 Nf6 2. c4 e6 3. Nf3 d5 4. g3 dxc4 5. Bg2 Nc6 6. Qa4 Bb4+ 7. Bd2 Bd6 8.
Bc3 O-O 9. O-O Qe7 10. Ne5 Bxe5 11. dxe5 Nd5 12. Qxc4 Rd8 13. Nd2 Qe8 14. Nf3
b6 15. Bd2 a5 16. Rac1 Nde7 17. Qe4 Bb7 18. Ng5 Ng6 19. Be3 Rd5 20. f4 h6 21.
Nf3 Rad8 22. a3 R8d7 23. Qc2 Qa8 24. Bf2 Nge7 25. g4 Ng6 26. Be3 Qd8 27. Ne1
Qh4 28. Bxd5 Rxd5 29. Rf3 Qxg4+ 30. Rg3 Qh5 31. Nf3 Nge7 32. Kf2 Nf5 33. Rgg1
Ncd4 34. Bxd4 Rxd4 35. Qc3 Rxf4 36. Ke1 Bxf3 0-1